Portable electronics product design and development : (Record no. 178590)

000 -LEADER
fixed length control field 01401 a2200241 4500
003 - CONTROL NUMBER IDENTIFIER
control field Nust
005 - DATE AND TIME OF LATEST TRANSACTION
control field 20221129160947.0
010 ## - LIBRARY OF CONGRESS CONTROL NUMBER
LC control number 2004040416
020 ## - INTERNATIONAL STANDARD BOOK NUMBER
International Standard Book Number 0071416390 (alk. paper)
040 ## - CATALOGING SOURCE
Transcribing agency Nust
082 00 - DEWEY DECIMAL CLASSIFICATION NUMBER
Classification number 621.3815,HAS
100 1# - MAIN ENTRY--PERSONAL NAME
Personal name Haskell, Bert.
9 (RLIN) 103793
245 10 - TITLE STATEMENT
Title Portable electronics product design and development :
Remainder of title for cellular phones, PDAs, digital cameras, personal electronics, and more /
Statement of responsibility, etc. Bert Haskell.
260 ## - PUBLICATION, DISTRIBUTION, ETC.
Place of publication, distribution, etc. New York :
Name of publisher, distributor, etc. McGraw-Hill,
Date of publication, distribution, etc. c2004.
300 ## - PHYSICAL DESCRIPTION
Extent xii, 372 p. :
Other physical details ill. ; 24 cm.
440 #0 - SERIES STATEMENT/ADDED ENTRY--TITLE
Title McGraw-Hill professional engineering.
9 (RLIN) 3451
505 ## - FORMATTED CONTENTS NOTE
Formatted contents note The Portable Electronic Design Process (Page-1), Digital And Analog Processing (Page-65), Electronic Packaging (Page-81), Displays (Page-123), Power Sources (Page-145), Mechanical Design (Page-165), Software And Communications (Page-193), Cellular Phones (Page-203), Portable PCs (Page-225), Personal Digital Assistants (Page-265), Digital Imaging Products (Page-303), Economics (Page-325), The Past, Present, And Future Of Portable Electronics (Page-339).
650 #0 - SUBJECT ADDED ENTRY--TOPICAL TERM
Topical term or geographic name entry element Electronic apparatus and appliances
General subdivision Design and construction.
9 (RLIN) 100328
650 #0 - SUBJECT ADDED ENTRY--TOPICAL TERM
Topical term or geographic name entry element Telecommunication engineering
856 42 - ELECTRONIC LOCATION AND ACCESS
Materials specified Contributor biographical information
Uniform Resource Identifier <a href="http://www.loc.gov/catdir/bios/mh042/2004040416.html">http://www.loc.gov/catdir/bios/mh042/2004040416.html</a>
856 42 - ELECTRONIC LOCATION AND ACCESS
Materials specified Table of contents
Uniform Resource Identifier <a href="http://www.loc.gov/catdir/toc/mh041/2004040416.html">http://www.loc.gov/catdir/toc/mh041/2004040416.html</a>
942 ## - ADDED ENTRY ELEMENTS (KOHA)
Source of classification or shelving scheme
Koha item type Book
Holdings
Withdrawn status Lost status Source of classification or shelving scheme Damaged status Not for loan Permanent Location Current Location Shelving location Date acquired Full call number Barcode Date last seen Price effective from Koha item type Public note
          Military College of Signals (MCS) Military College of Signals (MCS) General Stacks 12/12/2016 621.3815,HAS MCS31630 12/08/2016 12/12/2016 Book Almirah No.33, Shelf No.1
© 2023 Central Library, National University of Sciences and Technology. All Rights Reserved.